Top scorers for Germany in the 21st century - Statistics

General Stats
  • This quiz has been taken 34 times
  • The average score is 16 of 25
Answer Stats
Answer % Correct
Miroslav Klose
97%
Thomas Muller
97%
Bastian Schweinsteiger
91%
Mario Gotze
88%
Marco Reus
85%
Lukas Podolski
82%
Toni Kroos
82%
Michael Ballack
76%
Mats Hummels
73%
Mesut Ozil
73%
Mario Gomez
70%
Serge Gnabry
67%
Jamal Musiala
61%
Kai Havertz
61%
Leroy Sane
61%
Andre Schurrle
58%
Joshua Kimmich
58%
Timo Werner
58%
Ilkay Gundogan
55%
Sami Khedira
55%
Leon Goretzka
52%
Niclas Fullkrug
52%
Florin Wirtz
48%
Julian Draxler
33%
Kevin Kuranyi
15%
No matching quizzes found
Score Distribution
Percent of People with Each Score
Percentile by Number Answered
Your Score History
You have not taken this quiz